000
00301nam a22001217a 4500
020
_a
8181891716
082
_a
631.584
_b
SIN/CO
100
_a
Singh,A.K
_9
361
245
_a
Conversion to Organic Agriculture
260
_a
Lucknow
_b
International Book Distributing Co.
_c
2007
300
_a
412
942
_c
BK
999
_c
14270
_d
14270